000 00698nam0a22002531 4500
001 RU\NLR\INFOCOMM5\ROSSICA\1000297744
005 20250613190202.0
035 _a(NLR Aleph) 009904392
090 _a10587520
_c10587520
100 _a20030617d1861 |||y0rusy50 ca
101 0 _ager
102 _aRU
105 _ay ||||000ay
200 1 _aBemerkungen über die Säugethierfauna Süd-Sachalin's und der südlichen Kurilen
_fLeop. Schrenk
210 _aSt.Petersburg
_d1861
215 _d
700 1 _aSchrenk
_bL.
_gLeop.
_4070
801 1 _aRU
_bInfoComm
_c20030617
801 0 _aRU
_bNLR
_gPSBO
852 _aNLR
_j13.9.2.33
942 _cBOOK
980 _aNB
980 _aRossica